000 00929nam a2200289 i 4500
003 DO-SdBNP
005 20240704094330.0
007 ta
008 240704s2022 dr 000 0 spa d
020 _a9789945182170
040 _aDO-SdBNP
_bspa
_cBNPHU
_erda
082 _bC965
_222
100 _aCuevas Vásquez, Inidio
_911765
_eautor
245 1 3 _aEl mañana nunca llega /
_cInidio Cuevas Vásquez ; prólogo Nouel Florián Pérez
250 _a2a. edición
264 1 _aSanto Domingo :
_bTiempo de nosotros,
_c2022.
300 _a82 páginas,
_c23 cm.
336 _2rdacontent
_atexto
_btxt
337 _2rdamedia
_asin mediación
_bn
338 _2rdacarrier
_avolumen
_bnc
500 _aIncluye datos biográficos del autor en la solapa de la portada.
500 _aRelatos
590 _aInventariado, 2024/ YL
700 _aFlorián Pérez, Nouel
_eprólogo
_985949
910 _aYLockward
942 _2ddc
_cLBS1
999 _c57151
_d57151